[Event "SCCA Championship 2022"]
[Site "SchemingMind.com"]
[Date "2022.01.08"]
[Round "-"]
[White "Phil Cook"]
[Black "Charles McAleenan"]
[Result "1-0"]
[WhiteCountry "NZL"]
[BlackCountry "ENG"]
[WhiteElo "2457"]
[WhiteRD "118"]
[BlackElo "2125"]
[BlackRD "110"]
[GameID "719278"]

1. d4 Nf6 2. c4 g6 3. g3 Bg7 4. Bg2 O-O 5. Nc3 d6 6. Nf3 Nbd7 7. O-O e5 8. e4 c6 9. b3 Qb6 10. Rb1 exd4
11. Nxd4 Nxe4 12. Nxe4 Bxd4 13. Bb2 Bxb2 14. Rxb2 d5 15. cxd5 cxd5 16. Qxd5 Nf6 17. Nxf6+ Qxf6 18. Rd2 a5 19. Qb5 Qc3 20. Rd3 Qc2
21. h4 Bg4 22. Re3 Qxa2 23. Qg5 h5 24. Bxb7 Rad8 25. Bd5 Rd6 26. Re7 Qb2 27. Bc4 Qf6 28. Rfe1 Qxg5 29. hxg5 Bf3 30. Ra7 Rd4
31. Kh2 Rd2 32. Kg1 Rd4 33. Rxa5 Rfd8 34. Kh2 Rd1 35. Ra1 Rxa1 36. Rxa1 Rd2 37. Kg1 Kg7 38. Re1 Rc2 39. Rb1 f6 40. gxf6+ Kxf6
41. Bf1 Be4 42. Bg2 Bf5 43. b4
1-0

[Event "SCCA Championship 2022"]
[Site "SchemingMind.com"]
[Date "2022.01.07"]
[Round "-"]
[White "P Pickering"]
[Black "Charles McAleenan"]
[Result "0-1"]
[WhiteCountry "ENG"]
[BlackCountry "ENG"]
[WhiteElo "1720"]
[WhiteRD "108"]
[BlackElo "2153"]
[BlackRD "108"]
[GameID "719279"]

1. e4 c5 2. Nf3 Nc6 3. d4 cxd4 4. Nxd4 e5 5. Nb5 d6 6. N1c3 a6 7. Na3 Be7 8. Nc4 b5 9. Ne3 Nf6 10. Bd3 O-O
11. O-O Rb8 12. a4 Nb4 13. Be2 Be6 14. axb5 axb5 15. Nxb5 Nxe4 16. f3 Nf6 17. Bd2 d5 18. c3 Nc6 19. Ra6 Rb6 20. Qa4 Bc5
21. Kh1 d4 22. Rxb6 Bxb6 23. cxd4 exd4 24. Nc4 d3 25. Bd1 Bc5 26. Nc3 Qa8 27. Ne3 Rb8 28. Qxa8 Rxa8 29. Ba4 Nd4 30. Rb1 Rb8
31. Bd1 Nb3 32. Nf1 Nxd2 33. Nxd2 Be3 34. Nde4 Bd4 35. Nd2 Bxc3 36. bxc3 Rxb1 37. Nxb1 Ba2 38. Nd2 Nd5 39. Bb3 Bxb3 40. Nxb3 Nxc3
41. Kg1 f5 42. Kf2 f4 43. Ke1 Nd5 44. g3 fxg3 45. hxg3 Ne3 46. g4 Nc4 47. Nd2 Ne5 48. Kf2 Kf7 49. Ke3 Ke6 50. Kf4 Kd5
51. Ne4 Nc4 52. Nc3+ Kd4 53. Nb1 d2 54. Nxd2 Nxd2 55. Kf5 Nxf3 56. Ke6 Ke4 57. Kf7 g5 58. Kg7 Kf4
0-1

[Event "SCCA Championship 2022"]
[Site "SchemingMind.com"]
[Date "2022.01.08"]
[Round "-"]
[White "Russell Sherwood"]
[Black "Charles McAleenan"]
[Result "0-1"]
[WhiteCountry "WLS"]
[BlackCountry "ENG"]
[WhiteElo "2301"]
[WhiteRD "93"]
[BlackElo "2125"]
[BlackRD "110"]
[GameID "719280"]

1. e4 c5 2. Nc3 Nc6 3. Nge2 Nd4 4. Nxd4 cxd4 5. Ne2 e5 6. c3 d5 7. cxd4 exd4 8. Qa4+ Bd7 9. Qxd4 dxe4 10. Qxe4+ Be7
11. Qxb7 Nf6 12. Nc3 O-O 13. Be2 Rb8 14. Qxa7 Bc6 15. O-O Re8 16. Qa6 Rb6 17. Qc4 Qa8 18. f3 Rb4 19. Qa6 Bc5+ 20. Kh1 Ba7
21. Bb5 Bxf3 22. Rxf3 Re6 23. Qa5 Rh4 24. d4 Rxh2+ 25. Kxh2 Bb8+ 26. Kg1 Qxa5 27. Bf4 Bxf4 28. Rxf4 Qb4 29. Rd1 Qxb2 30. d5 Re3
31. d6 Qxc3 32. d7 Re1+ 33. Rxe1 Qxe1+ 34. Kh2 Nxd7 35. Bxd7 Qe5 36. g3 g5 37. Rf5 Qb2+ 38. Kh3 Qc1 39. g4 Qe3+ 40. Kg2 Qd2+
41. Rf2 Qxd7 42. Kg3 Kg7 43. Rg2 Kg6 44. Rf2 f5 45. gxf5+ Qxf5 46. Rxf5 Kxf5 47. a4 Ke6 48. Kg4 h6 49. a5 Kd7
0-1

[Event "SCCA Championship 2022"]
[Site "SchemingMind.com"]
[Date "2022.01.08"]
[Round "-"]
[White "Charles McAleenan"]
[Black "McCormickR"]
[Result "1-0"]
[WhiteCountry "ENG"]
[BlackCountry "ENG"]
[WhiteElo "2077"]
[WhiteRD "108"]
[BlackElo "1765"]
[BlackRD "87"]
[GameID "719281"]

1. Nf3 Nf6 2. c4 d6 3. d4 g6 4. g3 Bg7 5. Bg2 O-O 6. O-O Nbd7 7. Nc3 Re8 8. e4 e5 9. h3 a6 10. Re1 c6
11. Be3 exd4 12. Nxd4 Ne5 13. b3 Be6 14. f4 c5 15. Nxe6 Rxe6 16. fxe5 Rxe5 17. Rc1 b5 18. Bf4 Re6 19. Nd5 Ne8 20. Bf3 Nc7
21. Bg4 Re8 22. Nxc7 Qxc7 23. Qxd6 Qxd6 24. Bxd6 Bd4+ 25. Kg2 h5 26. Bf3 Rad8 27. e5 Kg7 28. Bc6 Re6 29. cxb5
1-0

[Event "SCCA Championship 2022"]
[Site "SchemingMind.com"]
[Date "2022.01.07"]
[Round "-"]
[White "Allan Sedstrem"]
[Black "Charles McAleenan"]
[Result "0-1"]
[WhiteCountry "SCO"]
[BlackCountry "ENG"]
[WhiteElo "1484"]
[WhiteRD "69"]
[BlackElo "1995"]
[BlackRD "105"]
[GameID "719282"]

1. e4 c5 2. Nf3 Nc6 3. Bc4 e6 4. a3 d5 5. exd5 exd5 6. Bb5 Bd6 7. O-O Ne7 8. Re1 O-O 9. d3 Bg4 10. h3 Bxf3
11. Qxf3 Nd4 12. Qg4 Nxb5 13. Bh6 Ng6 14. f4 f5 15. Qh5 gxh6 16. Qxh6 Qh4 17. Qxh4 Nxh4 18. Nd2 Rae8 19. g3 Ng6 20. Nf3 h6
21. g4 Nxf4 22. Nh4 Nxh3+ 23. Kg2 fxg4 24. Ng6 Rf2+ 25. Kh1 Rh2#
0-1

[Event "SCCA Championship 2022"]
[Site "SchemingMind.com"]
[Date "2022.01.10"]
[Round "-"]
[White "Roger Oscroft "]
[Black "Geoffrey Rosser"]
[Result "1-0"]
[WhiteCountry "ENG"]
[BlackCountry "ENG"]
[WhiteElo "1700"]
[WhiteRD "129"]
[BlackElo "1833"]
[BlackRD "63"]
[GameID "719324"]

1. e4 e5 2. Bc4 Nf6 3. d3 d5 4. exd5 Nxd5 5. Qh5 Nc6 6. Nf3 Qd6 7. Nc3 Be6 8. Ne4 Qe7 9. Nxe5 Nxe5 10. Qxe5 f6
11. Qh5+ Bf7 12. Qe2 O-O-O 13. Bxd5 Bxd5 14. O-O Qf7 15. Be3 Kb8 16. c4 Bxe4 17. dxe4 g5 18. Rfd1 Re8 19. c5 c6 20. b4 Qe6
21. Qf3 Bg7 22. Qg3+ Ka8 23. Qc7 Rhg8 24. Rd7 Qe5 25. Qxb7#
1-0

[Event "SCCA Championship 2022"]
[Site "SchemingMind.com"]
[Date "2022.01.10"]
[Round "-"]
[White "Robert Pallett"]
[Black "Roger Oscroft "]
[Result "1-0"]
[WhiteCountry "ENG"]
[BlackCountry "ENG"]
[WhiteElo "2268"]
[WhiteRD "91"]
[BlackElo "1647"]
[BlackRD "136"]
[GameID "719325"]

1. e4 d6 2. d4 Nf6 3. Nc3 a6 4. f4 b5 5. e5 dxe5 6. fxe5 Nd5 7. Nf3 Nxc3 8. bxc3 Bb7 9. Bd3 e6 10. O-O h6
11. Nd2 c5 12. Qh5 Kd7 13. Qxf7+ Kc8 14. Qxe6+ Nd7 15. Rf7 cxd4 16. Bf5 dxc3 17. Nb3
1-0

[Event "SCCA Championship 2022"]
[Site "SchemingMind.com"]
[Date "2022.01.11"]
[Round "-"]
[White "Roger Oscroft "]
[Black "pompey"]
[Result "0-1"]
[WhiteCountry "ENG"]
[BlackCountry "ENG"]
[WhiteElo "1694"]
[WhiteRD "131"]
[BlackElo "2592"]
[BlackRD "168"]
[GameID "719326"]

1. e4 c6 2. Nc3 d5 3. exd5 cxd5 4. d3 Nc6 5. h3 e5 6. Nf3 h6 7. a3 Be6 8. Be2 Bd6 9. g4 Rc8 10. Nb5 Qa5+
11. Bd2 Qxb5 12. d4 Qb6 13. b4 e4 14. Nh4 Nxd4 15. c3 Nxe2 16. Qxe2 Nf6 17. Be3 Qd8 18. Bd4 O-O 19. Qe3 Rc4 20. g5 Nh5
21. Rg1 Bf4 22. Qe2 Rxd4 23. cxd4 Qc7 24. Qb2 Bxg5 25. Ng2 Qh2
0-1

[Event "SCCA Championship 2022"]
[Site "SchemingMind.com"]
[Date "2022.01.10"]
[Round "-"]
[White "Phil Cook"]
[Black "Roger Oscroft "]
[Result "1-0"]
[WhiteCountry "NZL"]
[BlackCountry "ENG"]
[WhiteElo "2443"]
[WhiteRD "118"]
[BlackElo "1700"]
[BlackRD "129"]
[GameID "719327"]

1. d4 e6 2. c4 h6 3. Nc3 Nf6 4. e4 Bb4 5. e5 Ne4 6. Qd3 Ng5 7. h4 Nh7 8. Qg3 d6 9. Qxg7 Rf8 10. Qxh7 Nc6
11. Bxh6 Nxd4 12. Bxf8 Kxf8 13. O-O-O dxe5 14. Qh8+ Ke7 15. Qxe5 c5 16. Nd5+ Kd7 17. Nxb4 Qa5 18. Rxd4+ Ke7 19. Qd6+ Kf6 20. Nd5+
1-0

[Event "SCCA Championship 2022"]
[Site "SchemingMind.com"]
[Date "2022.01.10"]
[Round "-"]
[White "P Pickering"]
[Black "Roger Oscroft "]
[Result "1-0"]
[WhiteCountry "ENG"]
[BlackCountry "ENG"]
[WhiteElo "1709"]
[WhiteRD "108"]
[BlackElo "1647"]
[BlackRD "136"]
[GameID "719328"]

1. e4 d6 2. d4 g6 3. Nc3 Bg7 4. f4 a6 5. Nf3 Bg4 6. Be3 c6 7. h3 Bd7 8. Bd3 b5 9. a3 e6 10. O-O Nf6
11. e5 dxe5 12. fxe5 Ng8 13. Ne4 Bf8 14. Nfg5 Bh6 15. Nd6+
1-0

[Event "SCCA Championship 2022"]
[Site "SchemingMind.com"]
[Date "2022.01.10"]
[Round "-"]
[White "Roger Oscroft "]
[Black "McCormickR"]
[Result "0-1"]
[WhiteCountry "ENG"]
[BlackCountry "ENG"]
[WhiteElo "1660"]
[WhiteRD "127"]
[BlackElo "1765"]
[BlackRD "87"]
[GameID "719329"]

1. e4 e5 2. Nf3 Nc6 3. Bc4 Nf6 4. d3 Bc5 5. Ng5 O-O 6. Nc3 h6 7. h4 d6 8. f3 Ne7 9. Qe2 c6 10. g4 d5
11. exd5 cxd5 12. Bb3 Qc7 13. Nh3 d4 14. Ne4 Bb4+ 15. Kf2 Nfd5 16. h5 Be6 17. g5 Nf5 18. Bxd5 Bxd5 19. gxh6 Bxe4 20. fxe4 Nxh6
21. Rg1 Kh8 22. Bg5 Qd7 23. Rg3 f5 24. Bxh6 gxh6 25. Kg2 Rg8
0-1

[Event "SCCA Championship 2022"]
[Site "SchemingMind.com"]
[Date "2022.01.11"]
[Round "-"]
[White "Roger Oscroft "]
[Black "Russell Sherwood"]
[Result "0-1"]
[WhiteCountry "ENG"]
[BlackCountry "WLS"]
[WhiteElo "1694"]
[WhiteRD "131"]
[BlackElo "2312"]
[BlackRD "99"]
[GameID "719330"]

1. e4 c5 2. Nf3 d6 3. Bc4 Nf6 4. d3 e6 5. Nc3 a6 6. Be3 d5 7. exd5 exd5 8. Bb3 d4 9. Ng5 Bg4 10. Bxf7+ Ke7
11. f3 h6 12. fxg4 hxg5 13. Nd5+ Kxf7 14. Nxf6 gxf6 15. Bd2 Qe7+ 16. Kf2 Nc6 17. Qf3 Re8 18. Bxg5 Qe6 19. Rae1 Ne5 20. Qf4 Nxg4+
21. Kg3 Ne3 22. Re2 Bd6
0-1

[Event "SCCA Championship 2022"]
[Site "SchemingMind.com"]
[Date "2022.01.10"]
[Round "-"]
[White "Roger Oscroft "]
[Black "Allan Sedstrem"]
[Result "1-0"]
[WhiteCountry "ENG"]
[BlackCountry "SCO"]
[WhiteElo "1647"]
[WhiteRD "136"]
[BlackElo "1499"]
[BlackRD "64"]
[GameID "719331"]

1. e4 e5 2. Bc4 Nc6 3. Nf3 d6 4. d3 Nf6 5. Ng5 Be6 6. Nxe6 fxe6 7. Bxe6 Qe7 8. Bh3 g6 9. Bg5 h6 10. Bxf6 Qxf6
11. Nc3 Ne7 12. Nb5 Kd8 13. Qg4 Nf5 14. exf5 Rg8 15. Nxc7 Kxc7 16. Qc4+ Kd7 17. fxg6+ Ke7 18. Qc7+
1-0

[Event "SCCA Championship 2022"]
[Site "SchemingMind.com"]
[Date "2022.01.10"]
[Round "-"]
[White "Charles McAleenan"]
[Black "Roger Oscroft "]
[Result "1-0"]
[WhiteCountry "ENG"]
[BlackCountry "ENG"]
[WhiteElo "1995"]
[WhiteRD "105"]
[BlackElo "1700"]
[BlackRD "129"]
[GameID "719332"]

1. Nf3 e6 2. c4 Nf6 3. g3 h6 4. Bg2 d5 5. d4 dxc4 6. O-O Bd6 7. Qa4+ c6 8. Qxc4 Qc7 9. Ne5 Bxe5 10. dxe5 Qxe5
11. Bf4 Qxb2 12. Nc3 Qb6 13. Bd6 Nbd7 14. Rab1 Qd8 15. Bxc6 bxc6 16. Qxc6 Ba6 17. Qxa6 Nb6 18. Rbd1 Nfd7 19. Ba3 Qc7 20. Ne4 Nb8
21. Qb5+ N8d7 22. Qb4 Nd5 23. Rxd5
1-0